Fundametal Of fincaical Mangment (Record no. 87153)

MARC details
000 -LEADER
fixed length control field 00350pam a2200145 a 4500
020 ## - INTERNATIONAL STANDARD BOOK NUMBER
Terms of availability
041 ## - LANGUAGE CODE
Language code of text/sound track or separate title eng
082 ## - DEWEY DECIMAL CLASSIFICATION NUMBER
Item number BRI
100 ## - MAIN ENTRY--PERSONAL NAME
Personal name Brigham Eugene .
245 ## - TITLE STATEMENT
Title Fundametal Of fincaical Mangment
Medium Textual Documents
250 ## - EDITION STATEMENT
Edition statement 2008 /
Remainder of edition statement 10 th .
260 ## - PUBLICATION, DISTRIBUTION, ETC.
Place of publication, distribution, etc. [s.l]:
Name of publisher, distributor, etc. South Western Cengage Learning
300 ## - PHYSICAL DESCRIPTION
Extent 831 pg .
930 ## - EQUIVALENCE OR CROSS-REFERENCE-UNIFORM TITLE HEADING [LOCAL, CANADA]
Uniform title 10248
Holdings
Withdrawn status Lost status Damaged status Not for loan Collection Home library Current library Date acquired Source of acquisition Cost, normal purchase price Total Checkouts Full call number Barcode Date last seen Copy number Price effective from Koha item type
          Yashwantrao Mohite College of Arts, Science And Commerce, Pune Yashwantrao Mohite College of Arts, Science And Commerce, Pune 14/06/2021 Bharati Sahakari Madhyavarti Grahak Bhandar 550.00   BRI YMP-180031 24/02/2023 1 24/02/2023 Book